Catálogo de insectos perjudiciales en cultivos de la argentina /

Guardado en:
Autor Principal: Rizzo, Horacio F. E.
Formato: Libro
Publicado: Buenos Aires : Hemisferio Sur, 1977
Edición:4a. ed.
Materias:
Etiquetas: Agregar Etiqueta
Sin Etiquetas, Sea el primero en etiquetar este registro!
LEADER 00580nam a22001935a 4500
001 CEM.cems005478
008 130507s1977##################000#0#####d
005 20240410090539.0
245 1 0 |a Catálogo de insectos perjudiciales en cultivos de la argentina / 
250 |a 4a. ed. 
260 |a Buenos Aires :  |b Hemisferio Sur,  |c 1977 
300 |a 65 p. 
100 1 |a Rizzo, Horacio F. E. 
082 0 4 |a 632.782 
653 |a Agricultura 
653 |a Argentina 
653 |a Cultivos-insectos 
653 |a Zoologia agricola 
859 |a CEMS  |b BIB. CEMS - Agricultura  |h 632.782  |i R529a4  |p A8770.81  |t Ej.1